| 000 | 00791nam a22002297a 4500 | ||
|---|---|---|---|
| 005 | 20170124110021.0 | ||
| 010 | _aA-905124 | ||
| 020 |
_c110.00 _a8170143772 |
||
| 035 | _aA-905124 | ||
| 037 | _bCen Lib/Ret | ||
| 040 |
_adpl _bEN |
||
| 082 |
_a651.7 _bPAL |
||
| 100 |
_aPal, Rajendra _917078 |
||
| 245 |
_aEssentials of business communication : _cby Rajendra Pal [and] J.S.Korlahalli _bfor I.C.S.I.foundation course,B.Com(H) and B.Com.(P) examinations of Indian Universities / |
||
| 260 |
_aNew Delhi _bSultan Chand _c1997 |
||
| 270 |
_a23, Daryaganj _bNew Delhi _e110002 |
||
| 300 |
_avarious pagings. _c20cm(Hb) |
||
| 650 |
_aBusiness Communication. _919789 |
||
| 650 |
_aCommunication. _99469 |
||
| 700 |
_aKorlahalli, J.S. _917080 |
||
| 942 |
_2ddc _cEN _h651.7 _mPAL |
||
| 999 |
_c127208 _d127208 |
||